La macroeconomía del desarrollo / (Registro nro. 7027)
[ vista simple ]
| 000 -LEADER | |
|---|---|
| fixed length control field | 01354nam a22003017a 4500 |
| 003 - CONTROL NUMBER IDENTIFIER | |
| control field | OSt |
| 005 - DATE AND TIME OF LATEST TRANSACTION | |
| control field | 20201209105741.0 |
| 008 - FIXED-LENGTH DATA ELEMENTS--GENERAL INFORMATION | |
| fixed length control field | 201209b2000 mx ad||gr|||| 00| 0dspa d |
| 020 ## - INTERNATIONAL STANDARD BOOK NUMBER | |
| International Standard Book Number | 9681654747 |
| 040 ## - CATALOGING SOURCE | |
| Original cataloging agency | CO-JMCR |
| Transcribing agency | CO-JMCR |
| 041 1# - LANGUAGE CODE | |
| Language code of text/sound track or separate title | spa |
| Language code of original | eng |
| 082 04 - DEWEY DECIMAL CLASSIFICATION NUMBER | |
| Classification number | 338.9 / |
| Item number | A274m |
| Edition number | 23 |
| 100 1# - MAIN ENTRY--PERSONAL NAME | |
| Personal name | Agénor, Pierre-Richard, |
| Relator term | autor |
| 9 (RLIN) | 12469 |
| 245 13 - TITLE STATEMENT | |
| Title | La macroeconomía del desarrollo / |
| Statement of responsibility, etc. | Pierre-Richard Agénor, Peter J. Montiel ; traducción de Eduardo L. Suárez |
| 250 ## - EDITION STATEMENT | |
| Edition statement | Primera edición |
| 260 ## - PUBLICATION, DISTRIBUTION, ETC. | |
| Place of publication, distribution, etc. | México : |
| Name of publisher, distributor, etc. | Fondo de Cultura Económica, |
| Date of publication, distribution, etc. | 2000 |
| 300 ## - PHYSICAL DESCRIPTION | |
| Extent | 941 páginas : |
| Other physical details | ilustraciones, gráficos a blanco y negro ; |
| Dimensions | 23 cm. |
| 490 0# - SERIES STATEMENT | |
| Series statement | Textos de economía |
| 500 ## - GENERAL NOTE | |
| General note | Incluye biográficos del autor en contraportada, índice onomástico y índice analítico. |
| 504 ## - BIBLIOGRAPHY, ETC. NOTE | |
| Bibliography, etc. note | Bibliografía : páginas 845-889. |
| 505 0# - FORMATTED CONTENTS NOTE | |
| Formatted contents note | Relaciones macroeconómicas y estructura del mercado -- Políticas macroeconómicas de corto plazo -- Estabilización -- Deuda externa, flujos de capital y crisis monetaria -- Crecimiento, reformas estructurales y política económica |
| 650 24 - SUBJECT ADDED ENTRY--TOPICAL TERM | |
| Topical term or geographic name entry element | Macroeconómica |
| 9 (RLIN) | 12470 |
| 650 24 - SUBJECT ADDED ENTRY--TOPICAL TERM | |
| Topical term or geographic name entry element | Países en desarrollo |
| 9 (RLIN) | 2059 |
| 650 24 - SUBJECT ADDED ENTRY--TOPICAL TERM | |
| Topical term or geographic name entry element | La economía del desarrollo |
| 9 (RLIN) | 12471 |
| 700 1# - ADDED ENTRY--PERSONAL NAME | |
| Personal name | Montiel, Peter J., |
| Relator term | autor |
| 9 (RLIN) | 12472 |
| 700 1# - ADDED ENTRY--PERSONAL NAME | |
| Personal name | Suárez, Eduardo L., |
| Relator term | traductor |
| 9 (RLIN) | 4465 |
| 942 ## - ADDED ENTRY ELEMENTS (KOHA) | |
| Source of classification or shelving scheme | Dewey Decimal Classification |
| Koha item type | Books |
| Withdrawn status | Lost status | Source of classification or shelving scheme | Damaged status | Not for loan | Home library | Current library | Shelving location | Date acquired | Source of acquisition | Total Checkouts | Full call number | Barcode | Date last seen | Copy number | Price effective from | Koha item type |
|---|---|---|---|---|---|---|---|---|---|---|---|---|---|---|---|---|
| Dewey Decimal Classification | Biblioteca Pública José María del Castillo y Rada | Biblioteca Pública José María del Castillo y Rada | General Stacks | 04/15/2018 | Donación | 338.9 / A274m | 201810211 | 05/16/2024 | Ej.1 | 04/15/2018 | Books | |||||
| Dewey Decimal Classification | Biblioteca Pública José María del Castillo y Rada | Biblioteca Pública José María del Castillo y Rada | General Stacks | 04/15/2018 | Donación | 338.9 / A274m | 201810192 | 05/16/2024 | Ej.2 | 04/15/2018 | Books |